000
00291nam a22001337a 4500
008
171106b xxu||||| |||| 00| 0 eng d
020
_a
9780324006582
041
_a
eng
080
_a
9780324006582
100
_a
61
101
_a
KON
245
_a
ACCOUNTING THEORY
_c
WOLK
942
_2
udc
_c
BK
999
_c
37791
_d
37791